Tabla de contenidos:
Guardado en:
| Format: | Texto |
|---|---|
| Sprog: | Spanish |
| Tags: |
Tilføj Tag
Ingen Tags, Vær først til at tagge denne postø!
|
MARC
| LEADER | 00000 a a2200000 04500 | ||
|---|---|---|---|
| 003 | cru IIS | ||
| 005 | 20210812104531.0 | ||
| 008 | 210812b |||||||| |||| 00| 0 spa d | ||
| 040 | |c cru IIS | ||
| 245 | |a Tabla de contenidos: |c volumen 27, número 1, 2001 | ||
| 505 | |a Contenido: 1.Proyección de organismos internacionales y formulación de políticas educativas: Costa Rica y El Salvador 1995 / Marlen Quesada Ugalde. -- 2.La influencia de la teosofía en la emancipación de las mujeres guatemaltecas: la Sociedad Gabriela Mistral /Marta Elena Casaús Arzú. -- 3.El manejo histórico de los recursos hídricos en Costa Rica con énfasis en el periodo indígena y en los siglos XVI, XVII, XVIII y XIX /Asdrúbal Vargas Sanabria. -- 4.Reflexiones en torno a la historiografía y la arqueología en Costa Rica durante el siglo XIX / Juan Carlos Solórzano Fonseca. -- 5.Política costarricense en transición / William L. Furlong. -- 6. Sistema electoral y partidos políticos: incentivos hacia el bipartidismo en Costa Rica / Fernando F. Sánchez C. | ||
| 773 | 0 | |0 18765 |9 5845 |a Universidad de Costa Rica. |d San José, Costa Rica: Editorial Universidad de Costa Rica, 1974- |o 21440 |t Anuario de Estudios Centroamericanos / |x 03777316 | |
| 942 | |2 ddc |c PP | ||
| 999 | |c 43834 |d 43834 | ||
